[Event "AGAG II"]
[Site "SchemingMind.com"]
[Date "2019.12.31"]
[Round "-"]
[White "Derek Price"]
[Black "Teagy"]
[Result "1-0"]
[WhiteCountry "ENG"]
[BlackCountry "ENG"]
[WhiteElo "2333"]
[WhiteRD "80"]
[BlackElo "1844"]
[BlackRD "85"]
[GameID "449709"]

1. b3 f5 2. Bb2 Nf6 3. Nf3 e6 4. g3 Be7 5. Bg2 O-O 6. O-O d6 7. d4 Qe8 8. Nbd2 Qh5 9. Ne1 Nc6 10. Nd3 Ng4
11. h3 Nh6 12. Nf4 Qf7 13. d5 Nd8 14. dxe6 Nxe6 15. Nd5 Bd8 16. Nc4 f4 17. Qd3 Qd7 18. Rad1 Nc5 19. Qd2 fxg3 20. fxg3 c6
21. Rxf8+ Kxf8 22. Rf1+ Kg8 23. Nxd6 cxd5 24. Bxd5+ Ne6 25. Qc3 Qc7 26. Qxc7 Bxc7 27. Nxc8
1-0

[Event "AGAG II"]
[Site "SchemingMind.com"]
[Date "2020.01.01"]
[Round "-"]
[White "Teagy"]
[Black "Derek Price"]
[Result "0-1"]
[WhiteCountry "ENG"]
[BlackCountry "ENG"]
[WhiteElo "1844"]
[WhiteRD "85"]
[BlackElo "2333"]
[BlackRD "80"]
[GameID "449710"]

1. b3 e5 2. Bb2 Nc6 3. e3 d6 4. Nf3 Nf6 5. d4 e4 6. Nfd2 d5 7. Be2 Be7 8. O-O O-O 9. c4 Nb4 10. a3 Nd3
11. Bxd3 exd3 12. Nf3 Bf5 13. Nbd2 c6 14. Ne5 Bd6 15. Ndf3 Ne4 16. Nxd3 Qf6 17. c5 Bc7 18. Nfe5 Qh6 19. f4 f6 20. Nf3 Rae8
21. Qc2 Rf7 22. Rae1 Rfe7 23. Bc1 g5 24. g4 Bxg4 25. fxg5 Qh5
0-1

[Event "AGAG II"]
[Site "SchemingMind.com"]
[Date "2019.12.31"]
[Round "-"]
[White "Derek Price"]
[Black "emakis"]
[Result "1-0"]
[WhiteCountry "ENG"]
[BlackCountry "GRE"]
[WhiteElo "2315"]
[WhiteRD "76"]
[BlackElo "2024"]
[BlackRD "142"]
[GameID "449711"]

1. b3 e5 2. Bb2 Nc6 3. c4 Nf6 4. e3 d6 5. Nf3 Be7 6. Be2 O-O 7. O-O h6 8. d4 exd4 9. Nxd4 Re8 10. Nc3 Ne5
11. Qc2 Bf8 12. h3 Bd7 13. Rad1 Qc8 14. Nd5 Ne4 15. Qxe4
1-0

[Event "AGAG II"]
[Site "SchemingMind.com"]
[Date "2020.01.01"]
[Round "-"]
[White "emakis"]
[Black "Derek Price"]
[Result "0-1"]
[WhiteCountry "GRE"]
[BlackCountry "ENG"]
[WhiteElo "2024"]
[WhiteRD "142"]
[BlackElo "2315"]
[BlackRD "76"]
[GameID "449712"]

1. b3 e5 2. Bb2 Nc6 3. e3 d6 4. Nf3 Nf6 5. c4 g6 6. d4 Bg7 7. Be2 exd4 8. Nxd4 O-O 9. O-O Re8 10. Nc3 Nxd4
11. exd4 d5 12. Re1 c6 13. Bf3 Rxe1+ 14. Qxe1 dxc4 15. bxc4 Bg4 16. Ne4 Bxf3 17. gxf3 Nxe4 18. Qxe4 c5 19. Rd1 Rc8 20. Qd5 Qxd5
21. cxd5 Rd8 22. Kf1 Rxd5 23. Rc1 b6
0-1

[Event "AGAG II"]
[Site "SchemingMind.com"]
[Date "2019.12.31"]
[Round "-"]
[White "Derek Price"]
[Black "flyinduck"]
[Result "1-0"]
[WhiteCountry "ENG"]
[BlackCountry "CAN"]
[WhiteElo "2321"]
[WhiteRD "81"]
[BlackElo "2017"]
[BlackRD "64"]
[GameID "449713"]

1. b3 e5 2. Bb2 d6 3. g3 f5 4. Bg2 Nf6 5. d3 Be7 6. Nd2 O-O 7. c4 c6 8. Qc2 a5 9. c5 dxc5 10. Bxe5 Be6
11. Ngf3 Na6 12. Qb2 Nb4 13. O-O a4 14. bxa4 Rxa4 15. a3 b5 16. axb4 cxb4 17. Nd4 Bd7 18. Nxc6 Bxc6 19. Bxc6 Rxa1 20. Rxa1 Qb6
21. Qb3+ Kh8 22. Qe6 Ng4 23. Bxg7+
1-0

[Event "AGAG II"]
[Site "SchemingMind.com"]
[Date "2019.12.31"]
[Round "-"]
[White "flyinduck"]
[Black "Derek Price"]
[Result "0-1"]
[WhiteCountry "CAN"]
[BlackCountry "ENG"]
[WhiteElo "1991"]
[WhiteRD "66"]
[BlackElo "2315"]
[BlackRD "76"]
[GameID "449714"]

1. b3 e5 2. Bb2 Nc6 3. e3 d6 4. Bb5 Bd7 5. Nf3 a6 6. Be2 g6 7. h4 Nf6 8. d4 e4 9. d5 Nb4 10. Ng5 Bg7
11. Nxe4 Bf5 12. Nbd2 O-O 13. c3 Nxe4 14. g4 Bxc3 15. gxf5 Bxd2+ 16. Kf1 Qd7 17. f3 Nxd5
0-1

[Event "AGAG II"]
[Site "SchemingMind.com"]
[Date "2019.12.31"]
[Round "-"]
[White "Derek Price"]
[Black "JAHI"]
[Result "1-0"]
[WhiteCountry "ENG"]
[BlackCountry "INT"]
[WhiteElo "2279"]
[WhiteRD "83"]
[BlackElo "1928"]
[BlackRD "71"]
[GameID "449715"]

1. b3 e6 2. Bb2 b6 3. e3 Bb7 4. c4 a6 5. Nc3 a5 6. Nf3 Na6 7. Be2 d6 8. O-O h6 9. a3 h5 10. d4 h4
11. h3 Be7 12. Qc2 Nh6 13. Rfd1 g6 14. e4 g5 15. d5 g4 16. hxg4 Nxg4 17. dxe6 fxe6 18. Nd4 Rg8 19. Bxg4 Rxg4 20. Qe2 Rg6
21. Qh5 Kf7 22. Qh7+ Rg7 23. Qxg7+ Kxg7 24. Nxe6+ Kg6 25. Nxd8 Bxd8 26. f3 Nc5 27. b4 Nb3 28. Rab1 Bg5 29. Nd5 Nd2 30. Rbc1 axb4
31. axb4 Ra2 32. Rc2 Nxc4 33. Rxc4 Bxd5 34. Rxd5 Rxb2 35. Kh2 Bd8 36. e5 Kf7 37. exd6 Ke6 38. Rd1 cxd6 39. Rc6 Be7 40. Rxb6 Re2
41. Ra6 Re5 42. Rb1 Rb5 43. Ra5 Rb7 44. b5 Bg5 45. Kh3 Bf6 46. f4 d5 47. Ra6+ Kf5 48. Rd6 Be7 49. Rxd5+ Kxf4 50. Re1 Bf6
51. Rf1+ Ke4 52. Rxf6 Kxd5 53. Kxh4 Rb8 54. g4 Rh8+ 55. Kg3 Ke5 56. g5 Rh1 57. b6 Rd1 58. b7 Rg1+ 59. Kh4 Rb1 60. Rf7 Ke6
61. g6 Rb5 62. Kg4 Rb4+ 63. Kh5 Rb2 64. Kh6 Rb3 65. Kg7 Kd5 66. Kf8 Kc6 67. g7 Rxb7 68. Rxb7 Kxb7 69. g8=Q Kc7 70. Qd5 Kb6
71. Ke7 Kc7 72. Qb5 Kc8 73. Kd6 Kd8 74. Qd7#
1-0

[Event "AGAG II"]
[Site "SchemingMind.com"]
[Date "2019.12.31"]
[Round "-"]
[White "JAHI"]
[Black "Derek Price"]
[Result "0-1"]
[WhiteCountry "INT"]
[BlackCountry "ENG"]
[WhiteElo "1891"]
[WhiteRD "68"]
[BlackElo "2315"]
[BlackRD "76"]
[GameID "449716"]

1. b3 e5 2. e3 d5 3. Bb2 Nd7 4. a3 Ngf6 5. a4 Bd6 6. Na3 O-O 7. h3 a6 8. h4 Re8 9. h5 h6 10. Be2 c6
11. Nh3 Nc5 12. d3 Qe7 13. d4 exd4 14. exd4 Nce4 15. Kf1 Ng4 16. Kg1 Ngxf2 17. Nxf2 Nxf2 18. Kxf2 Qe3+ 19. Kf1 Bg3 20. Qe1 Bg4
21. Qxg3 Bxe2+ 22. Ke1 Qxg3+ 23. Kd2 Qe3+ 24. Ke1 Bf3+ 25. Kf1 Qe2+ 26. Kg1 Qxg2#
0-1

[Event "AGAG II"]
[Site "SchemingMind.com"]
[Date "2019.12.31"]
[Round "-"]
[White "Derek Price"]
[Black "Aleksandr Frenkel"]
[Result "0-1"]
[WhiteCountry "ENG"]
[BlackCountry "USA"]
[WhiteElo "2279"]
[WhiteRD "83"]
[BlackElo "2403"]
[BlackRD "79"]
[GameID "449717"]

1. b3 e5 2. Bb2 Nc6 3. c4 Nf6 4. e3 d5 5. cxd5 Nxd5 6. a3 Qd6 7. Nc3 Nxc3 8. Bxc3 Be7 9. Qc2 Be6 10. Nf3 O-O
11. b4 a6 12. d4 exd4 13. Nxd4 Nxd4 14. Bxd4 a5 15. Bc5 Qe5 16. Bd4 Qd5 17. b5 Rad8 18. Bd3 Qxg2 19. Bxh7+ Kh8 20. Be4 Qh3
21. Qxc7 Rxd4 22. Qxe7 Rxe4 23. Qxf8+ Kh7 24. Qc5 Qf3 25. Rg1 Bc4 26. Ra2 Bxa2 27. Rg3 Qh1+ 28. Ke2 Bc4+ 29. Kd2 g6 30. Rh3+ Kg7
31. Qc8 Kf6 32. Qd8+ Kf5 33. Rg3 f6 34. Qc8+ Be6 35. Qc5+ Re5 36. Qc2+ Qe4 37. Rf3+ Kg5 38. Rg3+ Kh6 39. Qxe4 Rxe4 40. Rf3 Kg7
41. Rg3 Ra4 42. e4 Rxe4 43. Rc3 Rd4+ 44. Ke3 Rc4 45. Rd3 Rc5 46. a4 Rc4 47. Rd4 Rxd4 48. Kxd4 b6 49. Kc3 Kh6
0-1

[Event "AGAG II"]
[Site "SchemingMind.com"]
[Date "2019.12.31"]
[Round "-"]
[White "Aleksandr Frenkel"]
[Black "Derek Price"]
[Result "1-0"]
[WhiteCountry "USA"]
[BlackCountry "ENG"]
[WhiteElo "2403"]
[WhiteRD "79"]
[BlackElo "2279"]
[BlackRD "83"]
[GameID "449718"]

1. b3 e5 2. Bb2 Nc6 3. e3 d6 4. c4 g6 5. Be2 Bg7 6. Nf3 Nf6 7. d4 exd4 8. Nxd4 O-O 9. O-O Re8 10. Nxc6 bxc6
11. Bf3 Bb7 12. Re1 Rb8 13. Qd2 Qe7 14. c5 d5 15. Qa5 Nd7 16. Bxg7 Kxg7 17. Rc1 Ne5 18. Be2 Bc8 19. Na3 Bg4 20. Bxg4 Nxg4
21. h3 Nf6 22. Nc2 Ne4 23. Qe1 Rb5 24. b4 Qd7 25. Rab1 Rbb8 26. Rb3 a6 27. Nd4 Ra8 28. Ra3 Reb8 29. Rb1 Qe8 30. Ra5 Ng5
31. Qc3 Kg8 32. Qd3 Ne6 33. Nxe6 Qxe6 34. Rxa6 Rxa6 35. Qxa6 Qf5 36. Rb2 Qe5 37. Rb3 Qa1+ 38. Kh2 Qe5+ 39. f4 Qe6 40. Qd3 Qf6
41. a4 Qa1 42. a5 Qa4 43. Qc3 f5 44. Ra3 Qxb4 45. Qxb4 Rxb4 46. a6 Rb8 47. a7 Kf7 48. axb8=Q
1-0

[Event "AGAG II"]
[Site "SchemingMind.com"]
[Date "2019.12.31"]
[Round "-"]
[White "Geoffrey Rosser"]
[Black "Teagy"]
[Result "0-1"]
[WhiteCountry "ENG"]
[BlackCountry "ENG"]
[WhiteElo "1949"]
[WhiteRD "61"]
[BlackElo "2014"]
[BlackRD "103"]
[GameID "449719"]

1. b3 f5 2. Bb2 Nf6 3. Nc3 e6 4. Nf3 Be7 5. e4 O-O 6. exf5 exf5 7. d4 b6 8. Be2 Bb7 9. Qd2 Ne4 10. Nxe4 Bxe4
11. O-O Bf6 12. c4 d6 13. Ng5 Bxg5 14. f4 Bf6 15. Rae1 Nd7 16. Bf3 Bxf3 17. Rxf3 Re8 18. Rxe8+ Qxe8 19. Re3 Qf7 20. Qe2 Nf8
21. Qd3 g6
0-1

[Event "AGAG II"]
[Site "SchemingMind.com"]
[Date "2020.01.05"]
[Round "-"]
[White "Teagy"]
[Black "Geoffrey Rosser"]
[Result "0-1"]
[WhiteCountry "ENG"]
[BlackCountry "ENG"]
[WhiteElo "1844"]
[WhiteRD "85"]
[BlackElo "1912"]
[BlackRD "59"]
[GameID "449720"]

1. b3 d5 2. f4 Nf6 3. Nf3 e6 4. Bb2 Be7 5. e3 O-O 6. Be2 c5 7. O-O Nc6 8. d3 Ng4 9. Qd2 Bf6 10. d4 cxd4
11. Nxd4 e5 12. Nxc6 bxc6 13. f5 e4 14. c3 Ne5 15. Na3 c5 16. Nc2 a5 17. Rad1 Bb7 18. Qe1 Qb6 19. g4 a4 20. b4 cxb4
21. cxb4 Nf3+ 22. Bxf3 Bxb2 23. Be2 Qc6 24. Nd4 Qh6 25. Qf2 Rac8 26. f6 Qxf6 27. Qxf6 gxf6 28. Rxf6 Rc3 29. Kf2 Bc1 30. Nf5 Re8
31. Bb5 Re6
0-1

[Event "AGAG II"]
[Site "SchemingMind.com"]
[Date "2019.12.31"]
[Round "-"]
[White "Geoffrey Rosser"]
[Black "emakis"]
[Result "1-0"]
[WhiteCountry "ENG"]
[BlackCountry "GRE"]
[WhiteElo "1964"]
[WhiteRD "58"]
[BlackElo "2024"]
[BlackRD "142"]
[GameID "449721"]

1. b3 e5 2. Bb2 Nc6 3. e4 Nf6 4. d3 Bc5 5. Be2 d5 6. exd5 Nxd5 7. Bf3 Be6 8. Ne2 O-O 9. O-O Nd4 10. Nxd4 exd4
11. c4 Nf4 12. Bxb7 Qf6 13. Bxa8 Rxa8 14. Qf3 Re8 15. Nd2 Bh3 16. gxh3 Bb4 17. Ne4 Qf5 18. Kh1 Re6 19. Bxd4 Rh6 20. Qg4
1-0

[Event "AGAG II"]
[Site "SchemingMind.com"]
[Date "2019.12.31"]
[Round "-"]
[White "emakis"]
[Black "Geoffrey Rosser"]
[Result "1-0"]
[WhiteCountry "GRE"]
[BlackCountry "ENG"]
[WhiteElo "2024"]
[WhiteRD "142"]
[BlackElo "1964"]
[BlackRD "58"]
[GameID "449722"]

1. b3 d5 2. Bb2 Bf5 3. e3 Nc6 4. Bb5 a6 5. Bxc6+ bxc6 6. Nf3 e6 7. O-O Nf6 8. Nd4 c5 9. Nxf5 exf5 10. Qf3 g6
11. c4 Bg7 12. cxd5 O-O 13. Nc3 Ne4 14. Rfd1 Bxc3 15. dxc3 c4 16. bxc4 Rb8 17. Qe2 Qh4 18. f3 Qf2+ 19. Qxf2 Nxf2 20. Rd2 Nd3
21. Ba3 Ne5 22. Bxf8 Kxf8 23. c5 Nc4 24. Re2 Rb5 25. e4 fxe4 26. fxe4 Rxc5 27. Rf1 Ne5 28. Rf6 Rxc3 29. Rxa6 Nd3 30. Rc6 Rxc6
31. dxc6 Nb4 32. a4 Ke7 33. a5 Kd6 34. Rb2 Na6 35. Rf2 Kxc6 36. Rxf7 Kb5 37. e5 c5 38. e6 c4 39. Rb7+
1-0

[Event "AGAG II"]
[Site "SchemingMind.com"]
[Date "2019.12.31"]
[Round "-"]
[White "Geoffrey Rosser"]
[Black "flyinduck"]
[Result "0-1"]
[WhiteCountry "ENG"]
[BlackCountry "CAN"]
[WhiteElo "1967"]
[WhiteRD "63"]
[BlackElo "2006"]
[BlackRD "59"]
[GameID "449723"]

1. b3 e5 2. Bb2 d6 3. e4 Nf6 4. d3 g6 5. Nf3 Bg7 6. Nbd2 O-O 7. Be2 c5 8. O-O Nc6 9. c3 a6 10. d4 Re8
11. dxe5 dxe5 12. Qc2 Bg4 13. Rad1 Qc7 14. Nc4 Rad8 15. Ne3 Bc8 16. Nd5 Nxd5 17. exd5 Ne7 18. c4 Nf5 19. Ng5 Nd4 20. Qd2 h6
21. Ne4 f5 22. Ng3 Kh7 23. Bd3 h5 24. Ne2 Bh6 25. Qe1 Qf7 26. Qa5 e4 27. Qxc5 Nf3+ 28. gxf3 exd3 29. Nd4 d2 30. Bc3 Qf6
31. Qc7+ Rd7 32. Qg3 h4 33. Qg2 Rde7 34. Nb5 Qb6 35. Bd4 Qa5 36. Nd6 Rg8 37. Be3 Rxe3 38. fxe3 Bxe3+ 39. Kh1 Qc5 40. Nf7 Qe7
41. Qe2 Re8 42. Nd6 Qxd6 43. Rxd2 Bxd2 44. Qxe8 Qd7 45. Qe2 Bb4 46. Kg2 Bd6 47. Qb2 Qe7 48. Rf2 Qg5+ 49. Kf1 Bc5 50. Rg2 Qe3
51. Qe2 f4 52. Qxe3 Bxe3 53. Rg5 Kg7 54. Re5 Bh3+ 55. Ke2 Kf6 56. Re8 g5 57. Rb8 g4 58. Rh8 g3 59. Rxh4 g2
0-1

[Event "AGAG II"]
[Site "SchemingMind.com"]
[Date "2019.12.31"]
[Round "-"]
[White "flyinduck"]
[Black "Geoffrey Rosser"]
[Result "1-0"]
[WhiteCountry "CAN"]
[BlackCountry "ENG"]
[WhiteElo "1991"]
[WhiteRD "66"]
[BlackElo "1964"]
[BlackRD "58"]
[GameID "449724"]

1. b3 Nf6 2. Bb2 Nc6 3. c4 e6 4. Nf3 d5 5. e3 Be7 6. Be2 dxc4 7. bxc4 O-O 8. O-O Ne4 9. d3 Bf6 10. Qc1 Nc5
11. d4
1-0

[Event "AGAG II"]
[Site "SchemingMind.com"]
[Date "2019.12.31"]
[Round "-"]
[White "Geoffrey Rosser"]
[Black "JAHI"]
[Result "0-1"]
[WhiteCountry "ENG"]
[BlackCountry "INT"]
[WhiteElo "1977"]
[WhiteRD "62"]
[BlackElo "1932"]
[BlackRD "67"]
[GameID "449725"]

1. b3 e6 2. e4 d6 3. Bb2 d5 4. exd5 exd5 5. d4 a6 6. Nf3 a5 7. Nc3 Bb4 8. Bd3 Ne7 9. O-O Bxc3 10. Bxc3 h6
11. Ne5 h5 12. Qd2 b6 13. Rfe1 Qd6 14. Qg5 Qf6 15. Qxf6 gxf6 16. Bb5+ Kf8 17. Nf3 h4 18. h3 c6 19. Bd3 Be6 20. Bb2 Nd7
21. Ba3 Re8 22. c4 Kg7 23. cxd5 Nxd5 24. Rac1 Nf4 25. Be4 Bd5 26. Bf5 Ne2+ 27. Kf1 Nxc1 28. Rxe8 Rxe8 29. Bxc1 Bxf3 30. Bxd7 Be2+
31. Ke1 Re7 32. Be3 Bf3 33. gxf3 Rxd7 34. Ke2 a4 35. Kd3 c5 36. Kc4 cxd4 37. Bxd4 b5+ 38. Kc5 Rd8 39. Be3 axb3 40. axb3 Rd1
41. Kxb5 Rh1 42. b4 Rxh3 43. Kc4 Rxf3 44. Kd3 h3
0-1

[Event "AGAG II"]
[Site "SchemingMind.com"]
[Date "2019.12.31"]
[Round "-"]
[White "JAHI"]
[Black "Geoffrey Rosser"]
[Result "0-1"]
[WhiteCountry "INT"]
[BlackCountry "ENG"]
[WhiteElo "1914"]
[WhiteRD "68"]
[BlackElo "1967"]
[BlackRD "63"]
[GameID "449726"]

1. b3 e5 2. e3 d6 3. Bb2 Nf6 4. a3 Nc6 5. Bb5 Bd7 6. Bxc6 Bxc6 7. f3 Be7 8. a4 O-O 9. h3 e4 10. Nc3 Nh5
11. Nce2 Bh4+ 12. Kf1 exf3 13. Nxf3 Bf6 14. Bxf6 Qxf6 15. Kf2 Bxf3 16. gxf3 Qh4+ 17. Kf1 Ng3+ 18. Nxg3 Qxg3 19. h4 Rfe8 20. h5 Re6
21. Qe2 Rae8 22. Qg2 Qxg2+ 23. Kxg2 d5 24. h6 d4 25. exd4 Re2+ 26. Kg3 Rxd2 27. c3 Ree2 28. hxg7 Rg2+ 29. Kf4 Rc2 30. Rac1 Kxg7
31. a5 Rxc1 32. Rxc1 f6 33. Ke3 h5 34. b4 Kg6 35. Kd3 h4 36. Rh1 Kg5 37. c4 Rg3 38. Ke4 f5+ 39. Ke3 h3 40. b5 Kh4
41. Kf4 Rg2 42. Kxf5 h2 43. c5 Kg3 44. b6 axb6 45. c6 bxc6 46. a6 Ra2 47. Rb1 Rxa6 48. f4 Ra2 49. Ke4 Kg2 50. f5 Re2+
51. Kf4 Rf2+ 52. Kg5 Rf1 53. Rb2+ Rf2 54. Rb1 h1=Q 55. Rxh1 Kxh1 56. f6 b5 57. d5 b4 58. Kh6 b3 59. f7 b2 60. f8=Q Rxf8
61. Kg7 Rf2 62. dxc6 b1=Q 63. Kh8 Qf5 64. Kg8 Rg2+ 65. Kh8 Qh5#
0-1

[Event "AGAG II"]
[Site "SchemingMind.com"]
[Date "2019.12.31"]
[Round "-"]
[White "Geoffrey Rosser"]
[Black "Aleksandr Frenkel"]
[Result "0-1"]
[WhiteCountry "ENG"]
[BlackCountry "USA"]
[WhiteElo "1964"]
[WhiteRD "58"]
[BlackElo "2317"]
[BlackRD "76"]
[GameID "449727"]

1. b3 e5 2. Bb2 Nc6 3. e4 Nf6 4. d3 d5 5. exd5 Nxd5 6. Nf3 Bf5 7. Be2 Qf6 8. Na3 Bb4+ 9. Nd2 Bxa3 10. Bxa3 Nc3
11. Qc1 Nxe2 12. Kxe2 Nd4+ 13. Kf1 O-O-O 14. Bc5 Nxc2 15. Rb1 Bxd3+ 16. Kg1 Rd5 17. Be3 Nxe3 18. fxe3 Bxb1 19. Nxb1 Rhd8 20. Nc3 Rd2
21. Qe1 Qg6 22. g3 Qc6
0-1

[Event "AGAG II"]
[Site "SchemingMind.com"]
[Date "2019.12.31"]
[Round "-"]
[White "Aleksandr Frenkel"]
[Black "Geoffrey Rosser"]
[Result "1-0"]
[WhiteCountry "USA"]
[BlackCountry "ENG"]
[WhiteElo "2317"]
[WhiteRD "76"]
[BlackElo "1964"]
[BlackRD "58"]
[GameID "449728"]

1. b3 Nf6 2. Bb2 d6 3. g3 Bd7 4. Bg2 Bc6 5. Nf3 e5 6. O-O Be7 7. e3 O-O 8. c4 Ne4 9. d4 exd4 10. exd4 Ng5
11. d5 Nxf3+ 12. Qxf3 Bd7 13. Re1 Bf6 14. Bxf6 Qxf6 15. Qxf6 gxf6 16. Re7 Re8 17. Rxe8+ Bxe8 18. Nc3 Na6 19. Bh3 Nc5 20. Re1 Nd3
21. Re7 Kf8 22. Rxc7 Rb8 23. Ne4 Nb4 24. Nxd6 Nxa2 25. Nxb7 Nb4 26. d6 Na6 27. b4 Nxc7 28. dxc7
1-0

[Event "AGAG II"]
[Site "SchemingMind.com"]
[Date "2020.01.01"]
[Round "-"]
[White "Teagy"]
[Black "emakis"]
[Result "0-1"]
[WhiteCountry "ENG"]
[BlackCountry "GRE"]
[WhiteElo "1844"]
[WhiteRD "85"]
[BlackElo "2077"]
[BlackRD "114"]
[GameID "449729"]

1. b3 e5 2. Bb2 Nc6 3. e3 Nf6 4. Nf3 Bd6 5. Na3 O-O 6. Nc4 Qe7 7. Nxd6 Qxd6 8. Be2 Qe7 9. O-O d6 10. d4 Rd8
11. d5 Nb8 12. c4 Nbd7 13. Qc2 a5 14. a3 b6 15. Rad1 Nf8 16. h3 Ng6 17. Nh2 Rf8 18. f4 exf4 19. exf4 Re8 20. Rde1 Qf8
21. g4 Ne4 22. Bd3 Nc5 23. f5 Ne5 24. Be2 f6 25. b4 axb4 26. axb4 Ncd7 27. Nf3 Bb7 28. Ra1 Nxf3+ 29. Bxf3 Ne5 30. Qb3 Qe7
0-1

[Event "AGAG II"]
[Site "SchemingMind.com"]
[Date "2019.12.31"]
[Round "-"]
[White "emakis"]
[Black "Teagy"]
[Result "1-0"]
[WhiteCountry "GRE"]
[BlackCountry "ENG"]
[WhiteElo "2077"]
[WhiteRD "114"]
[BlackElo "1844"]
[BlackRD "85"]
[GameID "449730"]

1. b3 e6 2. Bb2 f5 3. Nf3 Nf6 4. g3 Be7 5. Bg2 O-O 6. c4 d6 7. d4 Qe8 8. Nbd2 Ne4 9. Qc2 Qg6 10. O-O h5
11. d5 e5 12. Nxe4 fxe4 13. Nd2 Bf5 14. Bxe4 h4 15. Rac1 Nd7 16. b4 Bg5 17. e3 Rf7 18. Bxf5 Rxf5 19. g4 Rf6 20. Qxg6 Rxg6
21. h3 Rf8 22. Ne4 Bh6 23. c5 Nf6 24. Nxf6+ gxf6 25. cxd6 cxd6 26. b5 Rg7 27. Ba3 Rd7 28. Rc4 f5 29. gxf5 Rxf5 30. Rxh4 Bf8
31. Rg4+
1-0

[Event "AGAG II"]
[Site "SchemingMind.com"]
[Date "2020.01.01"]
[Round "-"]
[White "Teagy"]
[Black "flyinduck"]
[Result "0-1"]
[WhiteCountry "ENG"]
[BlackCountry "CAN"]
[WhiteElo "1844"]
[WhiteRD "85"]
[BlackElo "2049"]
[BlackRD "64"]
[GameID "449731"]

1. b3 e5 2. Bb2 Nc6 3. e3 Nf6 4. Nf3 d6 5. d4 Bg4 6. Be2 e4 7. Nfd2 Bxe2 8. Qxe2 d5 9. c4 Nb4 10. Kd1 c6
11. Nc3 Nd3 12. Bc1 Ng4 13. Ndxe4 dxe4 14. Nxe4 Nxc1 15. Qxg4 Nd3 16. Ke2 Nb4 17. Rhd1 Qd7 18. Qf3 Be7 19. Nc5 Bxc5 20. dxc5 Qe7
0-1

[Event "AGAG II"]
[Site "SchemingMind.com"]
[Date "2019.12.31"]
[Round "-"]
[White "flyinduck"]
[Black "Teagy"]
[Result "1-0"]
[WhiteCountry "CAN"]
[BlackCountry "ENG"]
[WhiteElo "2094"]
[WhiteRD "61"]
[BlackElo "1824"]
[BlackRD "87"]
[GameID "449732"]

1. b3 e6 2. Bb2 f5 3. Nf3 Nf6 4. g3 Be7 5. Bg2 O-O 6. O-O d6 7. d4 Qe8 8. c4 Ne4 9. Nc3 Qh5 10. Qc2 Nxc3
11. Bxc3 Nd7 12. Rad1 Nf6 13. Nd2 e5 14. dxe5 dxe5 15. Bxe5 Ng4 16. Nf3 Nxe5 17. Nxe5 c6 18. e3 Be6 19. Nf3 g5 20. Nd4 Bd7
21. f4 Rad8 22. c5 Kh8 23. b4 Rf6 24. Nf3
1-0

[Event "AGAG II"]
[Site "SchemingMind.com"]
[Date "2020.01.01"]
[Round "-"]
[White "Teagy"]
[Black "JAHI"]
[Result "0-1"]
[WhiteCountry "ENG"]
[BlackCountry "INT"]
[WhiteElo "1844"]
[WhiteRD "85"]
[BlackElo "1992"]
[BlackRD "69"]
[GameID "449733"]

1. b3 e6 2. Bb2 d6 3. f4 d5 4. Nf3 a6 5. e3 a5 6. Be2 Na6 7. O-O h6 8. Qe1 h5 9. c4 h4 10. cxd5 exd5
11. d3 h3 12. g3 Bb4 13. Qc1 f6 14. Nbd2 Be6 15. Nd4 Bd7 16. a3 Bxd2 17. Qxd2 c6 18. f5 c5 19. Ne6 Bxe6 20. fxe6 Nc7
21. b4 Nxe6 22. Bg4 Qd6 23. bxa5 Nh6 24. Bh5+ Nf7 25. g4 Qd7
0-1

[Event "AGAG II"]
[Site "SchemingMind.com"]
[Date "2019.12.31"]
[Round "-"]
[White "JAHI"]
[Black "Teagy"]
[Result "1-0"]
[WhiteCountry "INT"]
[BlackCountry "ENG"]
[WhiteElo "2039"]
[WhiteRD "66"]
[BlackElo "1824"]
[BlackRD "87"]
[GameID "449734"]

1. b3 e6 2. Bb2 f5 3. e3 Nf6 4. a3 Be7 5. a4 O-O 6. h3 Qe8 7. h4 d6 8. h5 e5 9. h6 g6 10. Be2 Nc6
11. d3 d5 12. Kd2 Bb4+ 13. c3 Bd6 14. Na3 d4 15. Nh3 e4 16. exd4 exd3 17. Bxd3 Ne4+ 18. Kc2 Rf6 19. Re1 Qf8 20. Nc4 Be7
21. f3 Nd6 22. Nf4 g5 23. Nd5 Rxh6 24. Nxc7 Rb8 25. Nxd6
1-0

[Event "AGAG II"]
[Site "SchemingMind.com"]
[Date "2019.12.31"]
[Round "-"]
[White "Teagy"]
[Black "Aleksandr Frenkel"]
[Result "0-1"]
[WhiteCountry "ENG"]
[BlackCountry "USA"]
[WhiteElo "1995"]
[WhiteRD "99"]
[BlackElo "2358"]
[BlackRD "78"]
[GameID "449735"]

1. b3 e5 2. Bb2 Nc6 3. e3 Nf6 4. Nf3 e4 5. Nd4 Bc5 6. Nxc6 dxc6 7. Be2 Qd5 8. f4 Qf5 9. Na3 Be6 10. d4 Bxa3
11. Bxa3 Qa5+
0-1

[Event "AGAG II"]
[Site "SchemingMind.com"]
[Date "2019.12.31"]
[Round "-"]
[White "Aleksandr Frenkel"]
[Black "Teagy"]
[Result "1-0"]
[WhiteCountry "USA"]
[BlackCountry "ENG"]
[WhiteElo "2342"]
[WhiteRD "80"]
[BlackElo "1989"]
[BlackRD "102"]
[GameID "449736"]

1. b3 e6 2. Bb2 f5 3. e4 Nf6 4. exf5 exf5 5. Qe2+ Qe7 6. Bxf6 gxf6 7. Nc3 c6 8. O-O-O Kd8 9. Qf3 Qa3+ 10. Kb1 d5
11. Bd3 Na6 12. Nge2 Kc7 13. Nd4 b5 14. Ndxb5+
1-0

[Event "AGAG II"]
[Site "SchemingMind.com"]
[Date "2019.12.31"]
[Round "-"]
[White "emakis"]
[Black "flyinduck"]
[Result "1-0"]
[WhiteCountry "GRE"]
[BlackCountry "CAN"]
[WhiteElo "2011"]
[WhiteRD "117"]
[BlackElo "2006"]
[BlackRD "59"]
[GameID "449737"]

1. b3 e5 2. Bb2 d6 3. e3 Nf6 4. c4 g6 5. Nc3 Bg7 6. Nge2 O-O 7. g3 c6 8. Bg2 a5 9. O-O Bf5 10. d4 Qc7
11. e4 Bg4 12. f3 Bd7 13. Kh1 Na6 14. Qd2 Rad8 15. d5 Ne8 16. Rac1 f5 17. dxc6 bxc6 18. Rcd1 Bc8 19. Qe3 Nc5 20. Ba3 Ne6
21. Rd3 Nd4 22. Rfd1 Bb7 23. c5 d5 24. exd5 cxd5 25. Nxd4 exd4 26. Qe6+ Kh8 27. Nb5 Qc8 28. Nxd4 Nc7 29. Qb6 Rf6 30. Qxa5 Ra6
31. Qb4 Qa8 32. Bc1 Rxa2 33. Qb6 Ne8 34. Ne6 Rc8 35. Nxg7 Kxg7 36. Qe6 Ra6 37. Qe7+ Kg8 38. Bh6 Rf6 39. b4 Rf7 40. Qe5 Nc7
41. Ra1 Qb8 42. Bf4 Re8 43. Qd6 Qc8 44. c6 Ba8 45. Re3 Rd8 46. Qc5 Ne6 47. Rxe6 Qxe6 48. c7 Re8 49. b5 d4 50. Be5 d3
51. f4
1-0

[Event "AGAG II"]
[Site "SchemingMind.com"]
[Date "2019.12.31"]
[Round "-"]
[White "flyinduck"]
[Black "emakis"]
[Result "1/2-1/2"]
[WhiteCountry "CAN"]
[BlackCountry "GRE"]
[WhiteElo "2006"]
[WhiteRD "59"]
[BlackElo "2011"]
[BlackRD "117"]
[GameID "449738"]

1. b3 e5 2. Bb2 Nc6 3. e3 Nf6 4. Bb5 Bd6 5. Na3 Na5 6. Nc4 Nxc4 7. Bxc4 O-O 8. Nf3 Qe7 9. O-O c6 10. e4 b5
11. Bd3 Bc7 12. Re1 d6 13. h3 h6 14. Bf1 Nh7 15. a4 Bd7 16. d4 a6 17. dxe5 dxe5 18. Nxe5 Be8 19. Nf3 Rd8 20. Qe2 Ng5
21. axb5 axb5 22. Nxg5 Qxg5 23. Rad1 Bd7 24. Qf3 Be6 25. Bc1 Qc5 26. Bd3 Qe5 27. g3 Ba5 28. Bf4 Qb2 29. Bd2 Bxd2 30. Rxd2 Bxb3
31. e5 Bd5 32. Qf5 g6 33. Qf4 Kh7 34. h4 Ra8 35. h5 Ra1 36. Re2 Qc3 37. Qe3 Rxe1+ 38. Rxe1 b4 39. e6 Re8 40. e7 Kg7
41. f4 gxh5 42. f5 f6 43. Kf2 b3 44. cxb3 Qxb3 45. Qe2 Qb6+ 46. Kf1 Bf7 47. Bc4 Bxc4 48. Qxc4 Qb5 49. Qxb5 cxb5 50. Rb1 Rxe7
51. Rxb5 Ra7 52. Kg2 h4= 53. gxh4 h5 54. Rc5 Ra3 55. Rc7+ Kg8 56. Rc8+ Kg7 57. Rc7+ Kg8=
1/2-1/2